Future UK regional policy consultation (Record no. 73017)
[ view plain ]
| 000 -LEADER | |
|---|---|
| fixed length control field | 01353cam a2200229 4500 |
| 001 - CONTROL NUMBER | |
| control field | WB3926-06 |
| 008 - FIXED-LENGTH DATA ELEMENTS--GENERAL INFORMATION | |
| fixed length control field | 030709n2003 000 0 eng u |
| 035 ## - SYSTEM CONTROL NUMBER | |
| System control number | (Sirsi) u122966 |
| 245 ## - TITLE STATEMENT | |
| Title | Future UK regional policy consultation |
| 260 ## - PUBLICATION, DISTRIBUTION, ETC. | |
| Date of publication, distribution, etc. | 2003 |
| 490 ## - SERIES STATEMENT | |
| Series statement | RICS Policy Unit Submission |
| Volume/sequential designation | (044-NJ-2003) 4 July 2003 (7) |
| 520 ## - SUMMARY, ETC. | |
| Summary, etc. | RICS supports the proposal in the DTI consultation "A modern regional policy for the United Kingdom" that the European Commission should establish central principles for the allocation of state aid funding with individual member states deciding on how to allocate the money nationally. RICS in its response to the consultation recommends the creation of a spatial strategy for the UK to provide each region with its own regional development plan and a major restructuring of the regional aid system. The DTI consultation is available at http://www.dti.gov.uk/europe/consultation.pdf and the RICS response at the address below. http://www.rics.org/ricscms/bin/show?class=Policy&template=/includes/showpolicy.html&id=780&faculty=RICS |
| 590 ## - LOCAL NOTE (RLIN) | |
| Local note | WB |
| 650 ## - SUBJECT ADDED ENTRY--TOPICAL TERM | |
| Topical term or geographic name entry element | REGIONAL DEVELOPMENT |
| 650 ## - SUBJECT ADDED ENTRY--TOPICAL TERM | |
| Topical term or geographic name entry element | STATE AID |
| 650 ## - SUBJECT ADDED ENTRY--TOPICAL TERM | |
| Topical term or geographic name entry element | SPATIAL PLANNING |
| 650 ## - SUBJECT ADDED ENTRY--TOPICAL TERM | |
| Topical term or geographic name entry element | EUROPEAN COMMISSION |
| 650 ## - SUBJECT ADDED ENTRY--TOPICAL TERM | |
| Topical term or geographic name entry element | REGIONAL DEVELOPMENT AGENCIES |
| 650 ## - SUBJECT ADDED ENTRY--TOPICAL TERM | |
| Topical term or geographic name entry element | EUROPEAN UNION |
| 690 ## - LOCAL SUBJECT ADDED ENTRY--TOPICAL TERM (OCLC, RLIN) | |
| Topical term or geographic name as entry element | PROPERTY-PROPERTY DEVELOPMENT |
| 942 ## - ADDED ENTRY ELEMENTS (KOHA) | |
| Suppress in OPAC | 0 |
| Withdrawn status | Lost status | Source of classification or shelving scheme | Damaged status | Not for loan | Home library | Current library | Shelving location | Date acquired | Total Checkouts | Full call number | Barcode | Date last seen | Copy number | Price effective from | Koha item type |
|---|---|---|---|---|---|---|---|---|---|---|---|---|---|---|---|
| Dewey Decimal Classification | London | London | News article | 09/07/2003 | WB3926-06 | 122966-1001 | 06/08/2019 | 1 | 06/08/2019 | News article |